[Event "ROM-chT2"]
[Site "Mamaia"]
[Date "2015.10.10"]
[Round "8.2"]
[White "Anton, Teodor"]
[Black "Manescu, Tiberiu"]
[Result "1/2-1/2"]
[WhiteElo "2413"]
[BlackElo "2384"]
[PlyCount "65"]
[EventDate "2015.10.03"]
[EventType "team-tourn"]
[EventRounds "9"]
[EventCountry "ROU"]
[SourceTitle "CBM 169 Extra"]
[Source "ChessBase"]
[SourceDate "2015.12.18"]
[SourceVersion "1"]
[SourceVersionDate "2015.12.18"]
[SourceQuality "1"]
[WhiteTeam "Arad Vados"]
[BlackTeam "Resita Muncitorul"]
[WhiteTeamCountry "ROU"]
[BlackTeamCountry "ROU"]

1. d4 Nf6 2. c4 g6 3. Nf3 Bg7 4. g3 0-0 5. Bg2 c5 6. 0-0 cxd4 7. Nxd4 Nc6 8. Nc3 Qa5 9. e3 d6 10. Nxc6 bxc6 11. Bxc6 Rb8 12. Bg2 Ba6 13. Nb5 Bxb5 14. Bd2 Ba4 15. Bxa5 Bxd1 16. Rfxd1 Rxb2 17. Bc3 Rc2 18. Bd4 Nd7 19. Rac1 Rxa2 20. Ra1 Rxa1 21. Rxa1 e5 22. Rxa7 exd4 23. Rxd7 dxe3 24. fxe3 Be5 25. Bd5 Kg7 26. Kg2 h5 27. h3 Kg8 28. Kf3 Kg7 29. g4 hxg4+ 30. hxg4 Kh6 31. Rxf7 Rxf7+ 32. Bxf7 Kg7 33. Be8 1/2-1/2

[Event "Oberliga Sued W 1112"]
[Site "Germany"]
[Date "2011.10.23"]
[Round "2"]
[White "Tabatt, Hendrik"]
[Black "Manescu, Tiberiu"]
[Result "1-0"]
[WhiteElo "2293"]
[BlackElo "2402"]
[PlyCount "81"]
[EventDate "2011.09.25"]
[EventType "team-tourn"]
[EventRounds "9"]
[EventCountry "GER"]
[SourceTitle "EXT 2013"]
[Source "ChessBase"]
[SourceDate "2012.11.22"]
[SourceVersion "1"]
[SourceVersionDate "2012.11.22"]
[SourceQuality "1"]
[WhiteTeam "Schwarzenbach"]
[BlackTeam "Saarbruecken Gambit"]
[WhiteTeamCountry "GER"]
[BlackTeamCountry "GER"]

1. e4 c5 2. Nf3 Nc6 3. d4 cxd4 4. Nxd4 Nf6 5. Nc3 e5 6. Ndb5 d6 7. Bg5 a6 8. Na3 b5 9. Bxf6 gxf6 10. Nd5 Be6 11. c3 Bg7 12. Nc2 0-0 13. Nce3 Ne7 14. Bd3 Bxd5 15. exd5 f5 16. Bxf5 Nxf5 17. Nxf5 Qg5 18. Qf3 e4 19. Qh3 b4 20. 0-0 bxc3 21. bxc3 Rae8 22. f4 Qf6 23. Rac1 Kh8 24. Rfe1 e3 25. Nxg7 Kxg7 26. Qg3+ Kh8 27. Rxe3 Rb8 28. Qf2 Rb5 29. Rd3 Re8 30. c4 Rb2 31. Rd2 Rb4 32. g3 Qf5 33. c5 dxc5 34. d6 Rb1 35. Rxb1 Qxb1+ 36. Kg2 Qe4+ 37. Qf3 Qe1 38. Qf2 Qe4+ 39. Qf3 Qe1 40. Qd3 Re3 41. Qd5 1-0

[Event "HUN-chT2 Maroczy 0809"]
[Site "Hungary"]
[Date "2008.12.21"]
[Round "4"]
[White "Samu, Gabor Jr"]
[Black "Manescu, Tiberiu"]
[Result "1/2-1/2"]
[WhiteElo "2254"]
[BlackElo "2363"]
[PlyCount "33"]
[EventDate "2008.10.26"]
[EventType "tourn"]
[EventRounds "11"]
[EventCountry "HUN"]
[SourceTitle "EXT 2010"]
[Source "ChessBase"]
[SourceDate "2010.11.25"]
[SourceVersion "1"]
[SourceVersionDate "2010.11.25"]
[SourceQuality "1"]
[WhiteTeam "Oroshaza"]
[BlackTeam "Miskolc EMSE"]
[WhiteTeamCountry "HUN"]
[BlackTeamCountry "HUN"]

1. d4 Nf6 2. c4 g6 3. g3 Bg7 4. Bg2 0-0 5. Nc3 d6 6. Nf3 Na6 7. 0-0 c5 8. d5 Nc7 9. e4 Bg4 10. Qc2 Bxf3 11. Bxf3 Rb8 12. Be2 a6 13. a4 e6 14. dxe6 Nxe6 15. Be3 Nd4 16. Bxd4 cxd4 17. Nd5 1/2-1/2

[Event "HUN-chT2 Maroczy 0809"]
[Site "Hungary"]
[Date "2008.10.26"]
[Round "1"]
[White "Manescu, Tiberiu"]
[Black "Ballai, Zsolt"]
[Result "1-0"]
[WhiteElo "2363"]
[BlackElo "2313"]
[PlyCount "73"]
[EventDate "2008.10.26"]
[EventType "tourn"]
[EventRounds "11"]
[EventCountry "HUN"]
[SourceTitle "EXT 2010"]
[Source "ChessBase"]
[SourceDate "2010.11.25"]
[SourceVersion "1"]
[SourceVersionDate "2010.11.25"]
[SourceQuality "1"]
[WhiteTeam "Miskolc EMSE"]
[BlackTeam "Hajduboszormeny"]
[WhiteTeamCountry "HUN"]
[BlackTeamCountry "HUN"]

1. e4 c5 2. Nc3 Nc6 3. Bb5 e5 4. Bxc6 dxc6 5. d3 Be6 6. f4 exf4 7. Bxf4 Ne7 8. Nf3 Ng6 9. Be3 Bd6 10. Qd2 Qc7 11. a4 Bg4 12. Qf2 Bxf3 13. gxf3 b6 14. Ne2 0-0 15. f4 f5 16. e5 Be7 17. h4 Qd8 18. h5 Qd5 19. 0-0-0 Nh8 20. Rhg1 Rf7 21. Kb1 Bf8 22. d4 c4 23. Nc3 Qe6 24. d5 cxd5 25. Nxd5 Rc8 26. Nf6+ Rxf6 27. exf6 Qxf6 28. Bd4 Qh6 29. Qf3 Nf7 30. Bc3 Nd6 31. Qd5+ Kh8 32. Bxg7+ Bxg7 33. Qxd6 Qxd6 34. Rxd6 c3 35. Rd7 Bf6 36. Rf7 Bd4 37. Rd1 1-0

[Event "ROM-chT"]
[Site "Eforie Nord"]
[Date "2008.09.01"]
[Round "1"]
[White "Rogozenco, Dorian"]
[Black "Manescu, Tiberiu"]
[Result "1-0"]
[WhiteElo "2541"]
[BlackElo "2387"]
[PlyCount "51"]
[EventDate "2008.09.01"]
[EventType "team-tourn"]
[EventRounds "9"]
[EventCountry "ROU"]
[SourceTitle "CBM 126 Extra"]
[Source "ChessBase"]
[SourceDate "2008.11.05"]
[SourceVersion "1"]
[SourceVersionDate "2008.11.05"]
[SourceQuality "1"]

1. d4 Nf6 2. c4 g6 3. g3 Bg7 4. Bg2 0-0 5. Nc3 d6 6. Nf3 c5 7. 0-0 cxd4 8. Nxd4 Nc6 9. Nxc6 bxc6 10. Bxc6 Rb8 11. Bg2 Qc7 12. b3 d5 13. Nb5 Rxb5 14. cxb5 Ne4 15. Bf4 Qb7 16. a4 Bxa1 17. Qxa1 f6 18. Rc1 e5 19. Be3 Bd7 20. Qa3 Rc8 21. Qe7 Rxc1+ 22. Bxc1 Bc8 23. Qe8+ Kg7 24. Ba3 h5 25. Qf8+ Kh7 26. Be7 1-0

[Event "Eforie Nord Romgaz op"]
[Site "Eforie Nord"]
[Date "2007.08.10"]
[Round "9"]
[White "Grecescu, Gabriel Andrei"]
[Black "Manescu, Tiberiu"]
[Result "1/2-1/2"]
[WhiteElo "2383"]
[BlackElo "2292"]
[PlyCount "62"]
[EventDate "2007.08.03"]
[EventType "swiss"]
[EventRounds "9"]
[EventCountry "ROU"]
[SourceTitle "EXT 2010"]
[Source "ChessBase"]
[SourceDate "2010.11.25"]
[SourceVersion "1"]
[SourceVersionDate "2010.11.25"]
[SourceQuality "1"]

1. c4 e5 2. g3 Nf6 3. Bg2 d5 4. cxd5 Nxd5 5. Nf3 Nc6 6. 0-0 Be7 7. Nc3 Nb6 8. a4 a5 9. d3 g5 10. Be3 g4 11. Nd2 Nd4 12. Nc4 Nxc4 13. dxc4 c6 14. f4 gxf3 15. exf3 Be6 16. b3 h5 17. Ne2 Bc5 18. Bxd4 Bxd4+ 19. Nxd4 Qxd4+ 20. Qxd4 exd4 21. f4 Bf5 22. Rfe1+ Kf8 23. Rad1 Rd8 24. Rd2 f6 25. c5 Rh7 26. Bf3 d3 27. Kf2 Rd4 28. Rc1 Rb4 29. Rc3 Bg6 30. h4 Bf5 31. Rd1 Bg6 1/2-1/2

[Event "Eforie Nord Romgaz op"]
[Site "Eforie Nord"]
[Date "2007.08.09"]
[Round "8"]
[White "Manescu, Tiberiu"]
[Black "Nanu, Ciprian Costica"]
[Result "0-1"]
[WhiteElo "2292"]
[BlackElo "2507"]
[PlyCount "82"]
[EventDate "2007.08.03"]
[EventType "swiss"]
[EventRounds "9"]
[EventCountry "ROU"]
[SourceTitle "EXT 2010"]
[Source "ChessBase"]
[SourceDate "2010.11.25"]
[SourceVersion "1"]
[SourceVersionDate "2010.11.25"]
[SourceQuality "1"]

1. e4 b6 2. d4 Bb7 3. Nc3 e6 4. Bd3 Nf6 5. Nge2 d5 6. Bg5 Be7 7. e5 Nfd7 8. Bxe7 Qxe7 9. Nb5 Qd8 10. Ng3 a6 11. Na3 c5 12. c3 Nc6 13. Nc2 Qh4 14. Qh5 Qxh5 15. Nxh5 g6 16. Nf4 Ke7 17. Kd2 b5 18. h4 b4 19. h5 g5 20. Nh3 h6 21. f4 gxf4 22. Nxf4 Rhg8 23. Rhf1 Nb6 24. Rf2 Rg7 25. dxc5 bxc3+ 26. bxc3 Nd7 27. Nd4 Nxc5 28. Nxc6+ Bxc6 29. Ke3 Nd7 30. Kd4 Bb5 31. Bxb5 axb5 32. Rb1 Rc8 33. Rxb5 Rc4+ 34. Kd3 Rg3+ 35. Kd2 Rgxc3 36. Nd3 Ra3 37. Rb7 Rd4 38. Rf3 Ke8 39. Kc2 Rxa2+ 40. Kc3 Rc4+ 41. Kb3 Rd2 0-1

[Event "Eforie Nord Romgaz op"]
[Site "Eforie Nord"]
[Date "2007.08.06"]
[Round "5"]
[White "Manescu, Tiberiu"]
[Black "Murariu, Andrei"]
[Result "0-1"]
[WhiteElo "2292"]
[BlackElo "2511"]
[PlyCount "62"]
[EventDate "2007.08.03"]
[EventType "swiss"]
[EventRounds "9"]
[EventCountry "ROU"]
[SourceTitle "EXT 2010"]
[Source "ChessBase"]
[SourceDate "2010.11.25"]
[SourceVersion "1"]
[SourceVersionDate "2010.11.25"]
[SourceQuality "1"]

1. e4 c5 2. Nc3 Nc6 3. Bb5 Nd4 4. Bc4 e6 5. Nf3 Nf6 6. 0-0 a6 7. Re1 b5 8. Bf1 d6 9. d3 Be7 10. g3 e5 11. Bg2 Bg4 12. Nb1 Qd7 13. c3 Nc6 14. Nbd2 Rd8 15. Qc2 0-0 16. Nf1 Bh3 17. Ne3 Bxg2 18. Kxg2 d5 19. Nf5 h6 20. Nxe7+ Qxe7 21. Nh4 Qd7 22. Be3 c4 23. dxc4 dxe4 24. cxb5 axb5 25. Rad1 Qe6 26. Bc5 Rfe8 27. Kg1 g5 28. Ng2 Qc4 29. Bb6 Nd4 30. b3 Nf3+ 31. Kh1 Qe6 0-1

[Event "ROM-ch"]
[Site "Amara"]
[Date "2007.02.16"]
[Round "1"]
[White "Manescu, Tiberiu"]
[Black "Turlea, Constantin"]
[Result "1-0"]
[WhiteElo "2284"]
[BlackElo "1951"]
[PlyCount "75"]
[EventDate "2007.02.16"]
[EventType "swiss"]
[EventRounds "9"]
[EventCountry "ROU"]
[SourceTitle "CBM 117 Extra"]
[Source "ChessBase"]
[SourceDate "2007.05.09"]
[SourceVersion "1"]
[SourceVersionDate "2007.05.09"]
[SourceQuality "1"]

1. e4 c5 2. Nc3 e6 3. Nf3 d5 4. exd5 exd5 5. d4 Nf6 6. Bb5+ Bd7 7. Bxd7+ Nbxd7 8. 0-0 Be7 9. Bg5 0-0 10. Re1 Re8 11. h3 Rc8 12. a3 c4 13. Ne5 h6 14. Bh4 Ne4 15. Nxd5 Bxh4 16. Rxe4 Nxe5 17. dxe5 Rc5 18. Ne3 c3 19. b4 Rcxe5 20. Qxd8 Bxd8 21. Rxe5 Rxe5 22. Rd1 Bf6 23. Rd7 Rb5 24. Kf1 a5 25. Rd5 Rxd5 26. Nxd5 Bd4 27. Ke2 axb4 28. axb4 Kf8 29. f3 g6 30. Kd3 Be5 31. Nxc3 Ke7 32. Nd5+ Kd6 33. c4 Kc6 34. Nc3 b6 35. Na4 Bf6 36. b5+ Kc7 37. Ke4 Bg7 38. Kd5 1-0

[Event "Techirghiol op"]
[Site "Techirghiol"]
[Date "2006.07.04"]
[Round "4"]
[White "Manescu, Tiberiu"]
[Black "Gilea, Lucian"]
[Result "1/2-1/2"]
[WhiteElo "2264"]
[BlackElo "2284"]
[PlyCount "32"]
[EventDate "2006.07.01"]
[EventType "swiss"]
[EventRounds "9"]
[EventCountry "ROU"]
[SourceTitle "CBM 113 Extra"]
[Source "ChessBase"]
[SourceDate "2006.09.14"]
[SourceVersion "1"]
[SourceVersionDate "2006.09.14"]
[SourceQuality "1"]

1. d4 d5 2. c4 e6 3. Nc3 Nf6 4. Bg5 Be7 5. cxd5 exd5 6. Nf3 0-0 7. e3 Nbd7 8. Bd3 Re8 9. 0-0 Ne4 10. Bxe7 Qxe7 11. Rb1 c6 12. Qc2 Ndf6 13. b4 Nxc3 14. Qxc3 Ne4 15. Qc2 a6 16. a4 Bf5 1/2-1/2

[Event "Timisoara Brinzeu Memorial"]
[Site "Timisoara"]
[Date "2006.03.22"]
[Round "5"]
[White "Rogozenco, Dorian"]
[Black "Manescu, Tiberiu"]
[Result "1-0"]
[WhiteElo "2532"]
[BlackElo "2281"]
[PlyCount "59"]
[EventDate "2006.03.18"]
[EventType "swiss"]
[EventRounds "9"]
[EventCountry "ROU"]
[SourceTitle "CBM 111 Extra"]
[Source "ChessBase"]
[SourceDate "2006.05.09"]
[SourceVersion "1"]
[SourceVersionDate "2006.05.09"]
[SourceQuality "1"]

1. d4 Nf6 2. c4 g6 3. Nf3 Bg7 4. g3 0-0 5. Bg2 c5 6. 0-0 d6 7. Nc3 Nc6 8. d5 Na5 9. Nd2 a6 10. Qc2 b5 11. cxb5 axb5 12. Nxb5 Ba6 13. Nc3 Nd7 14. Rb1 Rb8 15. b3 e6 16. Nde4 Qc7 17. dxe6 fxe6 18. Rd1 d5 19. Ng5 Rbe8 20. Na4 Qe5 21. Nxc5 Nxc5 22. Qxc5 Qxe2 23. Be3 d4 24. Bf4 Qb5 25. Rbc1 Qxc5 26. Rxc5 Rf5 27. Rc7 Be2 28. Rdc1 d3 29. Rd7 h6 30. Rcc7 1-0

[Event "Wch U18"]
[Site "Heraklion"]
[Date "2004.11.06"]
[Round "3"]
[White "Manescu, Tiberiu"]
[Black "Nepomniachtchi, Ian"]
[Result "1/2-1/2"]
[WhiteElo "2333"]
[BlackElo "2492"]
[PlyCount "85"]
[EventDate "2004.11.04"]
[EventType "swiss"]
[EventRounds "11"]
[EventCountry "GRE"]
[SourceTitle "EXT 2005"]
[Source "ChessBase"]
[SourceDate "2004.11.15"]
[SourceVersion "1"]
[SourceVersionDate "2004.11.15"]
[SourceQuality "1"]

1. e4 c5 2. Nf3 d6 3. d4 cxd4 4. Nxd4 Nf6 5. Nc3 a6 6. g3 e5 7. Nde2 Be7 8. Bg2 Nbd7 9. a4 b6 10. h3 h5 11. Nd5 Nxd5 12. exd5 Bg5 13. 0-0 Bxc1 14. Qxc1 h4 15. g4 0-0 16. f4 f5 17. gxf5 Rxf5 18. Qd2 Nf6 19. fxe5 Rxe5 20. Nd4 Qe8 21. Rae1 Bd7 22. Nc6 Rxe1 23. Rxe1 Qh5 24. Qf4 Re8 25. Rxe8+ Qxe8 26. Qxd6 Qe3+ 27. Kh2 Qf2 28. Qe5 Qxc2 29. Ne7+ Kf7 30. d6 Be6 31. Kh1 Qc1+ 32. Kh2 Qd2 33. Kh1 g5 34. Nc6 Qd1+ 35. Kh2 g4 36. Nd8+ Kg6 37. Be4+ Nxe4 38. Qxe4+ Bf5 39. Qe8+ Kf6 40. Qh8+ Kg6 41. Qe8+ Kf6 42. Qe7+ Kg6 43. Qe8+ 1/2-1/2

[Event "San Agustin op 09th"]
[Site "Aviles"]
[Date "2004.08.26"]
[Round "7"]
[White "Manescu, Tiberiu"]
[Black "Alonso Alvarez, Aitor"]
[Result "1/2-1/2"]
[WhiteElo "2319"]
[BlackElo "2103"]
[PlyCount "126"]
[EventDate "2004.08.21"]
[EventType "swiss"]
[EventRounds "9"]
[EventCountry "ESP"]
[SourceTitle "CBM 102 Extra"]
[Source "ChessBase"]
[SourceDate "2004.11.03"]
[SourceVersion "1"]
[SourceVersionDate "2004.11.03"]
[SourceQuality "1"]

1. e4 c5 2. Nf3 Nc6 3. Bb5 g6 4. 0-0 Bg7 5. Bxc6 bxc6 6. e5 f6 7. Qe2 fxe5 8. Nxe5 d6 9. Nf3 Bg4 10. h3 Bxf3 11. Qxf3 Qd7 12. Re1 Nf6 13. Qb3 Nd5 14. Nc3 Nxc3 15. bxc3 e5 16. d4 Qf7 17. dxe5 Bxe5 18. Bh6 Qxb3 19. axb3 Kd7 20. Bd2 Bf6 21. Ra6 Bd8 22. c4 Bb6 23. Rea1 Rab8 24. Bf4 Rbe8 25. Rd1 Re6 26. Raa1 Rf8 27. Bg3 Rfe8 28. Kf1 Rf8 29. Rd3 Rf7 30. f3 Rf8 31. Bf2 Kc7 32. Rad1 g5 33. Bg3 Rff6 34. h4 h6 35. Bf2 Rg6 36. hxg5 hxg5 37. g4 Rh6 38. Kg2 Re2 39. R1d2 Rhe6 40. Kf1 Rxd2 41. Rxd2 Kd7 42. Rd3 Ke7 43. Be3 Rg6 44. Bd2 Bd8 45. Be1 Kd7 46. Bf2 Kc7 47. Bg3 Re6 48. Rd2 Bf6 49. Re2 Kd7 50. Rxe6 Kxe6 51. Ke2 Be5 52. Be1 Bh2 53. Bd2 Kf6 54. Be3 a6 55. Kd3 Be5 56. Ke4 Bg3 57. f4 Bxf4 58. Bxf4 gxf4 59. Kxf4 Kg6 60. g5 a5 61. Kg4 d5 62. cxd5 cxd5 63. Kf4 d4 1/2-1/2

[Event "San Agustin op 09th"]
[Site "Aviles"]
[Date "2004.08.24"]
[Round "5"]
[White "Manescu, Tiberiu"]
[Black "Fidalgo Fernandez, Javier"]
[Result "1-0"]
[WhiteElo "2319"]
[BlackElo "2071"]
[PlyCount "167"]
[EventDate "2004.08.21"]
[EventType "swiss"]
[EventRounds "9"]
[EventCountry "ESP"]
[SourceTitle "CBM 102 Extra"]
[Source "ChessBase"]
[SourceDate "2004.11.03"]
[SourceVersion "1"]
[SourceVersionDate "2004.11.03"]
[SourceQuality "1"]

1. e4 c5 2. Nc3 d6 3. Nge2 e5 4. g3 g6 5. Bg2 Bg7 6. 0-0 Ne7 7. f4 0-0 8. d3 Nbc6 9. Be3 f5 10. Qd2 Nd4 11. Nd1 d5 12. fxe5 dxe4 13. dxe4 Bxe5 14. c3 Ne6 15. Qxd8 Rxd8 16. Nf2 Bd7 17. Nd3 Bc7 18. Ndf4 Nxf4 19. Nxf4 Bd6 20. Rfd1 Bxf4 21. Bxf4 Bc6 22. exf5 Bxg2 23. f6 Nd5 24. Bg5 Nxf6 25. Rxd8+ Rxd8 26. Kxg2 Rd6 27. Be3 b6 28. a4 Re6 29. Kf3 Nd5 30. Bg5 Re5 31. h4 Kg7 32. c4 Rf5+ 33. Kg2 Nb4 34. Rd1 Rf7 35. Bd2 Nc6 36. Bc3+ Kf8 37. Rd6 Rc7 38. Kf3 Ke7 39. Rd2 Rd7 40. Rd5 Rxd5 41. cxd5 Nd8 42. Be5 Kd7 43. Bb8 Kc8 44. Bf4 Nf7 45. Ke4 Kd7 46. Be3 Nd6+ 47. Kd3 Nb7 48. Bf4 a6 49. Kc3 b5 50. axb5 axb5 51. b4 c4 52. Kd4 Ke7 53. g4 Kd7 54. Ke5 Nd6 55. Bd2 Ne8 56. h5 Ke7 57. hxg6 hxg6 58. Be3 Kd7 59. Bg5 Nd6 60. Bf4 Ne8 61. Kd4 Nf6 62. g5 Nh5 63. Be5 Kd8 64. Kc5 c3 65. Bxc3 Nf4 66. Bd2 Nd3+ 67. Kxb5 Kc7 68. Kc4 Ne5+ 69. Kc5 Nd7+ 70. Kd4 Kb6 71. Bf4 Kb5 72. Bd6 Kb6 73. Kc4 Ka6 74. b5+ Kb6 75. Kb4 Kb7 76. Bc5 Kc7 77. d6+ Kb7 78. Kc4 Ne5+ 79. Kd5 Nd7 80. Bd4 Nf8 81. Bg7 Nd7 82. Ke6 Nc5+ 83. Ke7 Kc8 84. b6 1-0

[Event "EU-chT U18"]
[Site "Obrenovac"]
[Date "2004.07.17"]
[Round "7.3"]
[White "Lenic, Luka"]
[Black "Manescu, Tiberiu"]
[Result "1/2-1/2"]
[WhiteElo "2376"]
[BlackElo "2319"]
[PlyCount "27"]
[EventDate "2004.07.10"]
[EventType "team-tourn"]
[EventRounds "7"]
[EventCountry "YUG"]
[SourceTitle "CBM 101 Extra"]
[Source "ChessBase"]
[SourceDate "2004.09.01"]
[SourceVersion "2"]
[SourceVersionDate "2004.09.01"]
[SourceQuality "1"]
[WhiteTeam "Slovenia"]
[BlackTeam "Romania"]
[WhiteTeamCountry "SLO"]
[BlackTeamCountry "ROU"]

1. e4 c5 2. Nf3 Nc6 3. b3 e5 4. Bb2 d6 5. Bb5 Be7 6. 0-0 Nf6 7. Re1 0-0 8. h3 h6 9. c3 Bd7 10. Bf1 Re8 11. d4 cxd4 12. cxd4 exd4 13. Nxd4 Bf8 14. Nc3 1/2-1/2

[Event "EU-chT U18"]
[Site "Obrenovac"]
[Date "2004.07.12"]
[Round "3.3"]
[White "Cifka, Stanislav"]
[Black "Manescu, Tiberiu"]
[Result "1-0"]
[WhiteElo "2302"]
[BlackElo "2319"]
[PlyCount "50"]
[EventDate "2004.07.10"]
[EventType "team-tourn"]
[EventRounds "7"]
[EventCountry "YUG"]
[SourceTitle "CBM 101 Extra"]
[Source "ChessBase"]
[SourceDate "2004.09.01"]
[SourceVersion "2"]
[SourceVersionDate "2004.09.01"]
[SourceQuality "1"]
[WhiteTeam "Czech Republic"]
[BlackTeam "Romania"]
[WhiteTeamCountry "CZE"]
[BlackTeamCountry "ROU"]

1. d4 Nf6 2. c4 g6 3. Nc3 Bg7 4. e4 d6 5. f3 0-0 6. Be3 a6 7. Bd3 Nbd7 8. Nge2 c5 9. d5 Qa5 10. 0-0 b5 11. cxb5 axb5 12. Bxb5 Ba6 13. a4 Ne5 14. Qb3 Rfb8 15. f4 Neg4 16. Bd2 Bxb5 17. axb5 Qxa1 18. Rxa1 Rxa1+ 19. Bc1 Nd7 20. h3 Bd4+ 21. Kh1 Ne3 22. Na2 Ra8 23. b6 R8xa2 24. Qb5 Rxb2 25. Qxd7 Rxe2 1-0